Cliquez pour reconstituer les albums de Tintin #2 - Statistiques

Statistiques générales
  • Ce quiz a été pris 177 fois
  • Le résultat moyen est 10 sur 12
Statistiques - réponses
Hint Extra Hint Réponse % Correct
0b1253e47e-450.webp
Sélectionnez la couverture associée 4c528e9594-450.webp36be4d2c26-450.webp
96%
9d34040734-450.webp
Sélectionnez la couverture associée a3aea7ff3a-450.webp653a55a315-450.webp
93%
c984b09e9b-450.webp
Sélectionnez la couverture associée 032054ee70-450.webp55b3f1a6c9-450.webp
92%
893ed8c006-450.webp
Sélectionnez la couverture associée a51fd6a220-450.webpfb9483a0a0-450.webp
92%
574ce656f4-450.webp
Sélectionnez la couverture associée b98dd028b6-450.webp1a20717d6d-450.webp
92%
77bc066d8a-450.webp
Sélectionnez la couverture associée a75d61c1c4-450.webp613d7cc05f-450.webp
92%
994d1ce754-450.webp
Sélectionnez la couverture associée 44682d8e24-450.webp59d4dc2f2e-450.webp
92%
4169fd9e32-450.webp
Sélectionnez la couverture associée 749ed2fee3-450.webp8a093d9158-450.webp
85%
5881e43196-450.webp
Sélectionnez la couverture associée 3af9a8622c-450.webpeb507e9125-450.webp
80%
2144f766a3-450.webp
Sélectionnez la couverture associée 545e40ef23-450.webp5e6b4ba31b-450.webp
76%
ca5f162732-450.webp
Sélectionnez la couverture associée d7c7e2a4d5-450.webp887248785d-450.webp
75%
502ef07e3d-450.webp
Sélectionnez la couverture associée 575d6835d4-450.webpcec9acd95e-450.webp
71%
Aucun quiz correspondant
Distribution des résultats
% des personnes avec chaque résultat
Percentile par nombre de réponses
Votre historique - résultats
Vous n’avez pas pris ce quiz